Statistics for Danish Royal Family

Click here to take the quiz!

General Stats

  • This quiz has been taken 281 times
    (18 since last reset)
  • The average score is 11 of 15

Answer Stats

HintAnswer% Correct
Crown PrinceChristian
100%
KingFrederik X
100%
QueenMary
94%
PrincessIsabella
81%
PrincessMarie
75%
PrinceVincent
75%
CountFelix
69%
CountHenrik
69%
PrinceJoachim
69%
QueenMargrethe II
69%
CountessAthena
63%
PrincessJosephine
63%
CountNikolai
63%
PrincessBenedikte
44%
QueenAnne-Marie
31%

Score Distribution

Percentile by Number Answered

Percent of People with Each Score

Your Score History

You have not taken this quiz since the last reset